Quiz Geografía - Referencias a personas - Estadísticas

Estadísticas generales
  • Esta prueba ha sido intentada 200 veces
  • La puntuación promedio es 3 de 14
Estadísticas de respuestas
Pista Lugar % Correcto
País nombrado así en honor a uno de los libertadores de Sudamérica Bolivia (Simón Bolívar)
96%
Archipiélago que contiene el atolón Bikini, usado para pruebas nucleares estadounidenses, nombrado en honor a un capitán británico Islas Marshall (John Marshall)
37%
Última región de Chile, con capital en Punta Arenas, nombrada en honor a un famoso explorador Magallanes (Fernando de Magallanes)
32%
Archipiélago dependiente de Nueva Zelanda, nombrado en honor al principal explorador británico de la zona Islas Cook (James Cook)
30%
Ciudad texana nombrada en honor al General y 4° presidente de la República de Texas Houston (Sam Houston)
27%
Ciudad capital africana nombrada en honor al presidente estadounidense que apoyó su independencia Monrovia (James Monroe)
27%
El nombre de este país oceánico es una adaptación del apellido de este capitán británico Kiribati (Thomas Gilbert)
23%
Capital de Ohio, nombrada en honor a un explorador genovés Columbus (Cristóbal Colón)
21%
Nombre alternativo (más usado en la actualidad) de la ciudad vietnamita de Saigón, en honor a un líder comunista regional. Ho Chi Minh
20%
Óblast ruso limítrofe con la ciudad de San Petersburgo Leningrad (Vladimir Lenin)
16%
Estado mexicano nombrado en honor al iniciador de la independencia del país Hidalgo (Miguel Hidalgo y Costilla)
9%
Departamento paraguayo nombrado en honor al presidente estadounidense que abogó por el país en la Guerra de la Triple Alianza Presidente Hayes (Rutherford Hayes)
8%
Ciudad alemana nombrada en honor a un margrave ("marqués") de Baden que soñó su construcción, siendo su nombre literalmente "el reposo de _____". Karlsruhe (Carlos III Guillermo de Baden-Durlach)
2%
Estado y ciudad ucranianos nombrados en honor a la máxima figura literaria del país Ivano-Frankivsk (Ivan Frankó)
1%
No se encontraron pruebas coincidentes
Distribución de puntuación
Porcentaje de gente con cada puntuación
Porcentaje por número respondido
Historial de tus puntuaciones
No has intentado esta prueba.